Statistics for Every Cheap Trick song that hit the Billboard hot 100

Click here to take the quiz!

General Stats

  • This quiz has been taken 23 times
  • The average score is 5 of 16

Answer Stats

Peak Chart PositionYearSong% Correct
621978Surrender
86%
11988The Flame
79%
261979Dream Police
79%
71979I Want You To Want Me
64%
41988Don't Be Cruel
43%
321980Voices
36%
351979Ain't That A Shame
36%
451982If You Want My Love
21%
651982She's Tight
21%
331988Ghost Town
14%
481980Stop This Game
14%
121990Can't Stop Falling Into Love
7%
441985Tonight It's You
7%
441980Everything Works If You Let It
7%
501990Wherever Would I Be
7%
751989Never Had A Lot To Lose
7%

Score Distribution

Percentile by Number Answered

Percent of People with Each Score

Your Score History

You have not taken this quiz